LIBRARY & INFORMATION CENTRE, KCAET, TAVANUR

ONLINE PUBLIC ACCESS CATALOGUE (OPAC)

Principles and practice of non-destructive testing / (Record no. 8908)

MARC details
000 -LEADER
fixed length control field 00409cam a2200157ua 4500
041 ## - LANGUAGE CODE
Language code of text/sound track or separate title eng
082 ## - DEWEY DECIMAL CLASSIFICATION NUMBER
Classification number 620.1127
Item number LAM/PR
100 ## - MAIN ENTRY--AUTHOR NAME
Personal name Lamble, J H .
245 ## - TITLE STATEMENT
Title Principles and practice of non-destructive testing /
250 ## - EDITION STATEMENT
Edition statement 1 /
260 ## - PUBLICATION, DISTRIBUTION, ETC. (IMPRINT)
Place of publication London :
Name of publisher Heywood and co. ltd ,
Year of publication 1962.
300 ## - PHYSICAL DESCRIPTION
Number of Pages 238 ; .
942 ## - ADDED ENTRY ELEMENTS (KOHA)
Koha item type Books
Holdings
Withdrawn status Lost status Damaged status Home library Current library Date acquired Full call number Accession Number Koha item type
      KAUAET KAUAET 07/04/2012 620.1127 LAM/PR 3882 Books
free website counter